A vasutak és a dunai kikötők kapcsolata 1895-ben
At the end of the 19th century the Danube freight traffic was performed by nine companies. In 1895 freight data were recorded at ministerial decree, and with the help of the detailed sources one can follow the fluvial and railway freight traffic of Zimony, Újvidék, Vukovár, Gombos, Baj...
Elmentve itt :
| Szerző: | |
|---|---|
| Dokumentumtípus: | Cikk |
| Megjelent: |
2009
|
| Sorozat: | Közép-európai közlemények
2 No. 4-5 |
| Kulcsszavak: | Szónokyné Ancsin Gabriella, Történelemtudomány |
| Online Access: | http://acta.bibl.u-szeged.hu/29749 |
| LEADER | 01257nab a2200193 i 4500 | ||
|---|---|---|---|
| 001 | acta29749 | ||
| 005 | 20210505154605.0 | ||
| 008 | 161017s2009 hu o 0|| hun d | ||
| 022 | |a 1789-6339 | ||
| 040 | |a SZTE Egyetemi Kiadványok Repozitórium |b hun | ||
| 041 | |a hun | ||
| 100 | 1 | |a Majdán János | |
| 245 | 1 | 2 | |a A vasutak és a dunai kikötők kapcsolata 1895-ben |h [elektronikus dokumentum] / |c Majdán János |
| 260 | |c 2009 | ||
| 300 | |a 102-108 | ||
| 490 | 0 | |a Közép-európai közlemények |v 2 No. 4-5 | |
| 520 | 3 | |a At the end of the 19th century the Danube freight traffic was performed by nine companies. In 1895 freight data were recorded at ministerial decree, and with the help of the detailed sources one can follow the fluvial and railway freight traffic of Zimony, Újvidék, Vukovár, Gombos, Baja, Komárom and Gy r. On examining the traffic of transit in Danube ports one can state that the river boats and barges were important mediators of the united economic market. The freight traffic showed the signs of the division of labour and interdependence. | |
| 695 | |a Szónokyné Ancsin Gabriella, Történelemtudomány | ||
| 856 | 4 | 0 | |u http://acta.bibl.u-szeged.hu/29749/1/kek_006_007_102-108.pdf |z Dokumentum-elérés |